[Event "FICGS class E 000035 email"]
[Site "FICGS email"]
[Date "2007.02.18"]
[Round "1"]
[White "Kis Kos, Laszlo"]
[Black "Cederbladh, Michael"]
[Result "1-0"]
[WhiteElo "1265"]
[BlackElo "1400"]
[PlyCount "21"]
[EventDate "2007.??.??"]
[EventType "tourn (corr)"]
[EventRounds "5"]
[SourceTitle "Corr 2022"]
[Source "ChessBase"]
[SourceDate "2021.10.24"]
[SourceVersion "1"]
[SourceVersionDate "2021.10.24"]
[SourceQuality "1"]

1. e4 e5 2. Nf3 Qe7 3. Bc4 d6 4. 0-0 h6 5. d4 g5 6. dxe5 dxe5 7. Nc3 c6 8. Be3 Bg4 9. h3 Bh5 10. g4 Bg6 11. Nxe5 1-0

[Event "IECC M email"]
[Site "IECC email"]
[Date "1999.09.05"]
[Round "?"]
[White "Nava, Juan Pablo"]
[Black "Cederbladh, Michael"]
[Result "1-0"]
[WhiteElo "1427"]
[BlackElo "1306"]
[PlyCount "49"]
[EventDate "1999.??.??"]
[EventType "tourn (corr)"]
[EventRounds "6"]
[SourceTitle "Corr 2008"]
[Source "ChessBase"]
[SourceDate "2008.06.24"]
[SourceVersion "1"]
[SourceVersionDate "2008.06.24"]
[SourceQuality "1"]

1. d4 d5 2. c4 e5 3. Nf3 Nf6 4. e3 c6 5. cxd5 exd4 6. Nxd4 Nxd5 7. Nc3 Nxc3 8. bxc3 Bd6 9. Bd3 0-0 10. 0-0 Qf6 11. Qc2 h6 12. f4 a6 13. e4 Qe7 14. e5 Bc7 15. Be3 Rd8 16. Nf5 Bxf5 17. Bxf5 Nd7 18. Rab1 Nc5 19. Kh1 b5 20. c4 Bb6 21. cxb5 cxb5 22. e6 fxe6 23. Bxc5 Bxc5 24. Rfe1 Qd6 25. Bxe6+ 1-0